[Event "Penang op-A 9th"]
[Site "Penang"]
[Date "2017.12.07"]
[Round "6"]
[White "Poh, Yu Tian"]
[Black "Chuah, Yi Ning"]
[Result "1/2-1/2"]
[WhiteElo "1342"]
[BlackElo "1798"]
[PlyCount "160"]
[EventDate "2017.12.04"]
[EventType "swiss"]
[EventRounds "9"]
[EventCountry "MAS"]
[SourceTitle "CBM 182 Extra"]
[Source "ChessBase"]
[SourceDate "2018.02.23"]
[SourceVersion "1"]
[SourceVersionDate "2018.02.23"]
[SourceQuality "1"]

1. e4 e5 2. Nf3 Nc6 3. Bb5 a6 4. Ba4 Nf6 5. 0-0 b5 6. Bb3 Be7 7. Re1 d6 8. c3 0-0 9. h3 Na5 10. Bc2 c5 11. d4 Qc7 12. Nbd2 cxd4 13. cxd4 Nc6 14. d5 Nb4 15. Bb1 a5 16. a3 Na6 17. Nf1 Bd7 18. Ng3 a4 19. Be3 b4 20. Qd2 Qb7 21. Bd3 Rfb8 22. Rab1 g6 23. Rec1 Bb5 24. h4 Ng4 25. Bxb5 Qxb5 26. Bg5 f6 27. Be3 bxa3 28. bxa3 Qxb1 29. Rxb1 Rxb1+ 30. Nf1 Nxe3 31. Qxe3 Nc5 32. N3d2 Rb2 33. h5 Kg7 34. Qc3 Rab8 35. Qa5 Bd8 36. Qc3 R8b5 37. Qh3 Rb8 38. Nc4 R2b3 39. Nfe3 Nxe4 40. h6+ Kf8 41. Qd7 Be7 42. Qxa4 Rb1+ 43. Nf1 Nc3 44. Qc2 Nxd5 45. Na5 R1b2 46. Qc4 Nf4 47. Nc6 d5 48. Qa4 Re8 49. Ng3 Rb7 50. Nxe7 Rbxe7 51. Qb3 f5 52. Nf1 d4 53. Qb6 Kf7 54. a4 Re6 55. Qb5 Kf6 56. g3 Nh3+ 57. Kg2 Ng5 58. a5 R8e7 59. Qb8 Nf7 60. Qf8 Kg5 61. a6 Ra7 62. Nd2 Rexa6 63. Qg7 e4 64. Qxd4 Kxh6 65. g4 Ra4 66. Qf6 fxg4 67. Qf4+ Kg7 68. Nxe4 R7a6 69. Qxg4 Rc6 70. Qd7 Rac4 71. Ng5 Rf6 72. Ne6+ Kh6 73. Qd2+ g5 74. Nd4 Rf4 75. Ne2 Rf6 76. Nd4 Rc5 77. Qb4 Rc8 78. Qe7 Kg7 79. Ne6+ Kg6 80. Nf8+ Kg7 1/2-1/2

[Event "Titled Tuesday intern op 7th March"]
[Site "Chess.com INT"]
[Date "2017.03.07"]
[Round "7"]
[White "Chuah, Yi Ning"]
[Black "Simonovic, Miroslav"]
[Result "1-0"]
[WhiteElo "1798"]
[BlackElo "2219"]
[PlyCount "75"]
[EventDate "2017.03.07"]
[EventType "swiss (blitz)"]
[EventRounds "11"]
[EventCountry "USA"]
[SourceTitle "EXT 2021"]
[Source "ChessBase"]
[SourceDate "2020.10.23"]
[SourceVersion "1"]
[SourceVersionDate "2020.10.23"]
[SourceQuality "1"]

1. e4 c5 2. Nf3 Nc6 3. d4 cxd4 4. Nxd4 e5 5. Nb5 d6 6. N1c3 a6 7. Na3 b5 8. Nd5 Be6 9. c3 Bxd5 10. Qxd5 Rc8 11. Nc2 Nf6 12. Qd3 d5 13. exd5 Qxd5 14. Bg5 Qe4+ 15. Qxe4 Nxe4 16. Be3 Be7 17. Bd3 Nc5 18. Be2 f5 19. 0-0 Kf7 20. f4 g6 21. fxe5 Nxe5 22. Bd4 Bf6 23. g4 Ke6 24. gxf5+ gxf5 25. Rae1 Rhg8+ 26. Kh1 Ne4 27. Bxe5 Bxe5 28. Bf3 Nd2 29. Rf2 Nxf3 30. Rxf3 Rc4 31. Nd4+ Kd5 32. Rxf5 Re8 33. Nf3 Re4 34. Rxe4 Kxe4 35. Rf7 Ke3 36. Ng5 Bf4 37. Nxh7 Bh6 38. Nf6 1-0

[Event "Penang op 7th"]
[Site "Penang"]
[Date "2015.12.11"]
[Round "7"]
[White "Kamarunsalehin, Awangku"]
[Black "Chuah, Yi Ning"]
[Result "0-1"]
[WhiteElo "1985"]
[BlackElo "1665"]
[PlyCount "134"]
[EventDate "2015.12.07"]
[EventType "swiss"]
[EventRounds "9"]
[EventCountry "MAS"]
[SourceTitle "CBM 169 Extra"]
[Source "ChessBase"]
[SourceDate "2015.12.18"]
[SourceVersion "1"]
[SourceVersionDate "2015.12.18"]
[SourceQuality "1"]

1. d4 d5 2. c4 e6 3. Nc3 Nf6 4. cxd5 exd5 5. Bg5 Be7 6. e3 c6 7. Bd3 0-0 8. Qc2 Nbd7 9. Nf3 Re8 10. 0-0 h6 11. Bf4 Nf8 12. h3 Bd6 13. Bxd6 Qxd6 14. Rab1 a5 15. a3 Be6 16. b4 axb4 17. axb4 b6 18. Na4 N8d7 19. Rfc1 Rec8 20. Ne5 b5 21. Nxd7 Nxd7 22. Nc5 Nb6 23. Ra1 Nc4 24. Ra2 Qd8 25. Rca1 Qf8 26. Ra7 Rxa7 27. Rxa7 Ra8 28. Qa2 Rxa7 29. Qxa7 Qe8 30. Qc7 Nb2 31. Bc2 Nc4 32. Kh2 Na3 33. Bd3 Nc4 34. g4 Nb2 35. Bc2 Nc4 36. Kg3 Na3 37. Bd3 Nc4 38. h4 Nb2 39. Bc2 Nc4 40. h5 Kf8 41. Nxe6+ Qxe6 42. Bf5 Qd6+ 43. Qxd6+ Nxd6 44. Bd7 Ne4+ 45. Kh4 Ke7 46. Bxc6 Nc3 47. f4 Kd6 48. Be8 Ke7 49. Bc6 Kd6 50. Bb7 Na2 51. Ba6 Kc6 52. g5 Nxb4 53. gxh6 gxh6 54. Bc8 Nc2 55. Kg3 Nxe3 56. Kf2 Nc2 57. Ke2 Nxd4+ 58. Kd3 Kc5 59. f5 b4 60. f6 b3 61. Kc3 Ne2+ 62. Kxb3 Ng3 63. Bg4 Ne4 64. Be6 Ng5 65. Bf5 Kd4 66. Bg4 Ke5 67. Kc3 Ne4+ 0-1

[Event "Penang op 7th"]
[Site "Penang"]
[Date "2015.12.09"]
[Round "5"]
[White "Tan, Hong Ghee"]
[Black "Chuah, Yi Ning"]
[Result "1-0"]
[WhiteElo "1930"]
[BlackElo "1665"]
[PlyCount "129"]
[EventDate "2015.12.07"]
[EventType "swiss"]
[EventRounds "9"]
[EventCountry "MAS"]
[SourceTitle "CBM 169 Extra"]
[Source "ChessBase"]
[SourceDate "2015.12.18"]
[SourceVersion "1"]
[SourceVersionDate "2015.12.18"]
[SourceQuality "1"]

1. e4 e5 2. Nf3 Nc6 3. Bb5 a6 4. Bxc6 dxc6 5. 0-0 Qd6 6. d4 exd4 7. Qxd4 Bg4 8. Nbd2 Qxd4 9. Nxd4 0-0-0 10. N4f3 Bb4 11. c3 Bc5 12. h3 Bh5 13. Nb3 Bb6 14. Bf4 f6 15. Rfe1 Ne7 16. Nbd4 Bf7 17. Be3 Rhe8 18. Nb3 Ng6 19. Bxb6 cxb6 20. g3 Be6 21. Kg2 c5 22. Re3 a5 23. Rae1 a4 24. Nc1 Bf7 25. b3 b5 26. bxa4 bxa4 27. a3 b6 28. Nd3 Bb3 29. h4 Bc2 30. Nf4 Nxf4+ 31. gxf4 Kc7 32. Kg3 Bd1 33. e5 Bxf3 34. Kxf3 fxe5 35. fxe5 Kc6 36. Ke4 b5 37. f4 Rd2 38. Rg1 g6 39. h5 gxh5 40. Rg7 Ra2 41. f5 Rxa3 42. Rd3 b4 43. f6 Rxc3 44. f7 Rc4+ 45. Kf5 Rf8 46. e6 Rc1 47. e7 Rf1+ 48. Ke6 Re1+ 49. Kf6 Rf1+ 50. Kg5 R1xf7 51. Rxf7 Rg8+ 52. Kf4 Re8 53. Rd8 Rxe7 54. Rxe7 b3 55. Ra7 Kb6 56. Rxa4 Kb5 57. Ra7 Kc4 58. Rb7 Kc3 59. Ke3 c4 60. Rd4 h6 61. Rc7 Kb2 62. Rdxc4 Ka2 63. Rh4 b2 64. Rc2 Kb3 65. Rxb2+ 1-0

[Event "Penang op 6th"]
[Site "Penang"]
[Date "2014.12.10"]
[Round "4"]
[White "Frost, Peter"]
[Black "Chuah, Yi Ning"]
[Result "1/2-1/2"]
[WhiteElo "1865"]
[BlackElo "1601"]
[PlyCount "84"]
[EventDate "2014.12.08"]
[EventType "swiss"]
[EventRounds "9"]
[EventCountry "MAS"]
[SourceTitle "CBM 163 Extra"]
[Source "ChessBase"]
[SourceDate "2014.12.23"]
[SourceVersion "1"]
[SourceVersionDate "2014.12.23"]
[SourceQuality "1"]

1. d4 d5 2. c4 e6 3. Nc3 Nf6 4. cxd5 exd5 5. Bg5 Be7 6. e3 h6 7. Bh4 c6 8. Bd3 0-0 9. Nge2 Re8 10. 0-0 Ne4 11. Bxe7 Qxe7 12. Qc2 Nd7 13. Rae1 Nd6 14. Ng3 Qf6 15. b3 Nf8 16. Rd1 Ne6 17. Rfe1 Qg5 18. Be2 Nf8 19. e4 dxe4 20. Ngxe4 Bf5 21. Bd3 Nxe4 22. Nxe4 Bxe4 23. Bxe4 Nd7 24. g3 Nf6 25. Bf3 Rad8 26. h4 Qa5 27. Rxe8+ Rxe8 28. Qd2 Qxd2 29. Rxd2 Rd8 30. Kf1 Kf8 31. Ke2 Ke7 32. Kd3 Kd6 33. Re2 Re8 34. Re3 Re6 35. Kd2 Nd5 36. Rxe6+ Kxe6 37. a3 Nc7 38. Kd3 a5 39. Kc4 Kd6 40. Kd3 Nb5 41. a4 Nc7 42. h5 Ne6 1/2-1/2

[Event "Penang op-A 5th"]
[Site "Penang"]
[Date "2013.12.13"]
[Round "9"]
[White "Asman, Nur Sabrina Aliya"]
[Black "Chuah, Yi Ning"]
[Result "1/2-1/2"]
[WhiteElo "1698"]
[BlackElo "1570"]
[PlyCount "49"]
[EventDate "2013.12.09"]
[EventType "swiss"]
[EventRounds "9"]
[EventCountry "MAS"]
[SourceTitle "CBM 157 Extra"]
[Source "ChessBase"]
[SourceDate "2013.12.19"]
[SourceVersion "1"]
[SourceVersionDate "2013.12.19"]
[SourceQuality "1"]

1. e4 e5 2. Nf3 Nc6 3. Bb5 a6 4. Ba4 Nf6 5. d3 b5 6. Bb3 Be7 7. c3 0-0 8. 0-0 d6 9. a4 Na5 10. Bc2 Bg4 11. Nbd2 c5 12. h3 Bd7 13. axb5 axb5 14. Re1 Qc7 15. Nf1 Rfd8 16. Ng3 Nc6 17. Rxa8 Rxa8 18. Qe2 Ra1 19. Rd1 Qa7 20. Be3 Qa2 21. Rxa1 Qxa1+ 22. Bd1 b4 23. c4 Nd4 24. Bxd4 exd4 25. b3 1/2-1/2

[Event "Penang op-A 5th"]
[Site "Penang"]
[Date "2013.12.13"]
[Round "8"]
[White "Chuah, Yi Ning"]
[Black "Limono, Handjojo"]
[Result "0-1"]
[WhiteElo "1570"]
[BlackElo "1851"]
[PlyCount "132"]
[EventDate "2013.12.09"]
[EventType "swiss"]
[EventRounds "9"]
[EventCountry "MAS"]
[SourceTitle "CBM 157 Extra"]
[Source "ChessBase"]
[SourceDate "2013.12.19"]
[SourceVersion "1"]
[SourceVersionDate "2013.12.19"]
[SourceQuality "1"]

1. e4 c6 2. d4 d5 3. Nc3 dxe4 4. Nxe4 Nd7 5. Bc4 Ndf6 6. Ng3 e6 7. Nf3 g6 8. c3 Bg7 9. Qe2 Ne7 10. 0-0 0-0 11. Ne5 b6 12. Bf4 Bb7 13. Nxf7 Rxf7 14. Bxe6 Ned5 15. Be5 Qe7 16. Bxf7+ Qxf7 17. Rfe1 Re8 18. Qd2 Rd8 19. Qc2 Ng4 20. Bxg7 Kxg7 21. h3 Ngf6 22. Qb3 Rd7 23. Ne4 Nxe4 24. Rxe4 Nf6 25. Qxf7+ Kxf7 26. Re5 Rc7 27. Rae1 Ba6 28. g3 Bc4 29. b3 Ba6 30. c4 b5 31. Rc1 bxc4 32. Ra5 Bc8 33. Rxc4 Re7 34. Kg2 Be6 35. Rca4 Bd5+ 36. Kf1 Be6 37. g4 h5 38. f3 hxg4 39. fxg4 Bd5 40. Rxa7 Nd7 41. Rc7 Ke6 42. Raa7 Kd6 43. g5 Be6 44. h4 Rh7 45. a4 Rxh4 46. a5 Rxd4 47. Rc8 Bxb3 48. Rd8 Ke6 49. Rc7 Bc4+ 50. Kf2 Ke7 51. Rcc8 c5 52. Re8+ Kd6 53. Red8 Rd2+ 54. Ke3 Ra2 55. Ra8 Ra3+ 56. Kf2 Ke7 57. Re8+ Kd6 58. Red8 Ke6 59. Ra7 Ne5 60. Rf8 Ng4+ 61. Ke1 Ke5 62. Re7+ Be6 63. Rfe8 Re3+ 64. Kd2 Kd6 65. Rxe6+ Rxe6 66. Rxe6+ Kxe6 0-1

[Event "Penang op-A 5th"]
[Site "Penang"]
[Date "2013.12.12"]
[Round "7"]
[White "Wong, Yinn Long"]
[Black "Chuah, Yi Ning"]
[Result "1-0"]
[WhiteElo "1824"]
[BlackElo "1570"]
[PlyCount "71"]
[EventDate "2013.12.09"]
[EventType "swiss"]
[EventRounds "9"]
[EventCountry "MAS"]
[SourceTitle "CBM 157 Extra"]
[Source "ChessBase"]
[SourceDate "2013.12.19"]
[SourceVersion "1"]
[SourceVersionDate "2013.12.19"]
[SourceQuality "1"]

1. e4 e5 2. Nf3 Nc6 3. d4 exd4 4. Nxd4 Bc5 5. Nb3 Bb6 6. Nc3 Qf6 7. Qe2 Nge7 8. Be3 Nd4 9. Nxd4 Bxd4 10. Bxd4 Qxd4 11. Qf3 0-0 12. Bd3 d6 13. 0-0-0 Ng6 14. Be2 Qe5 15. g3 Be6 16. Qe3 Qa5 17. a3 Rfe8 18. f4 Bd7 19. h4 b5 20. h5 Nf8 21. h6 b4 22. axb4 Qxb4 23. hxg7 Kxg7 24. Nd5 Rxe4 25. Qf3 Qa5 26. Qxe4 Qa1+ 27. Kd2 Qa5+ 28. c3 Qc5 29. Qd4+ Qxd4+ 30. cxd4 Bc6 31. Bf3 Rb8 32. Rc1 Ba8 33. Rhf1 Rxb2+ 34. Rc2 Rxc2+ 35. Kxc2 Ne6 36. Kd3 1-0